Normal view
MARC view
Entry Topical Term
001 - CONTROL NUMBER
- control field: 16068
003 - CONTROL NUMBER IDENTIFIER
- control field: BD-RjUL
005 - DATE AND TIME OF LATEST TRANSACTION
- control field: 20250717094640.0
008 - FIXED-LENGTH DATA ELEMENTS
- fixed length control field: 250717|| aca||aabn | a|a d
040 ## - CATALOGING SOURCE
- Original cataloging agency: BD-RjUL
- Transcribing agency: BD-RjUL
150 ## - HEADING--TOPICAL TERM
- Topical term or geographic name entry element: Nutrition disorders
- General subdivision: Prevention
670 ## - SOURCE DATA FOUND
- Source citation: Work cat.: (BD-RjUL)85202: Rahman. Md. Tahidur 4587, Trend and projection of Child Malnutrition in Bangladesh /, 2023